Cultura general #15 - Estadísticas

Estadísticas generales
  • Esta prueba ha sido intentada 5.094 veces
    4.056 desde el último reinicio
  • La puntuación promedio es 8 de 20
Estadísticas de respuestas
Pregunta Respuesta % Correcto
¿Qué hace que el pan suba? Levadura
87%
¿De qué estilo arquitectónico es la Catedral de Notre Dame en París? Gótico
76%
¿Cuál es la isla más grande de los Estados Unidos? Hawái (La Isla Grande)
70%
¿Qué llamadas irresistibles de criatura pudo Odiseo escuchar con seguridad al hacerse amarrar al mástil de su barco? Sirena
65%
¿Cuál es la capital de Jamaica? Kingston
62%
¿Qué signo del zodíaco está representado por un carnero? Aries
54%
¿En qué provincia española desemboca el Genil en el Guadalquivir? Córdoba
44%
¿Cuál es el lago más grande de África por superficie? Lago Victoria
43%
¿Qué villano de Marvel es conocido por poder controlar el metal? Magneto
40%
¿De qué país provienen los didgeridoos? Australia
36%
¿Qué secuelas de libros incluyen "Tormenta de Espadas" y "Danza de dragones"? Game of Thrones
36%
¿Qué banda grabó "The Dark Side of the Moon"? Pink Floyd
34%
¿Qué es la cámara alta del parlamento británico? Cámara de los Lores
31%
Si estás comiendo callos, ¿qué parte de un animal estás comiendo? Estómago
30%
¿De qué palabra española viene la palabra francesa «moustique»? Mosquito
30%
¿Quién fue la estrella de la película "Harry, el sucio" Clint Eastwood
28%
¿Qué período vino antes del Jurásico? El Triásico
28%
¿Qué país moderno contiene la mayor parte de la antigua región de Nubia? Sudán
21%
¿A qué movimiento artístico perteneció Jackson Pollock? Expresionismo {Abstracto}
13%
¿Qué canción de Otis Redding fue versionada por Aretha Franklin, convirtiéndose en su primer éxito número 1? Respect
13%
No se encontraron pruebas coincidentes
Distribución de puntuación
Porcentaje de gente con cada puntuación
Porcentaje por número respondido
Historial de tus puntuaciones
No has intentado esta prueba desde el último reinicio